000 00297nam a22001217a 4500
999 _c12580
_d12580
020 _a978-1111836993
_a111183699X
082 _a616.89
100 _a V. Mark Durand
245 _aEssentials of Abnormal Psychology
250 _a6th
260 _aUSA
_bWadsworth Cengage Learning
_c2012
942 _cBK